[Event "SVK-chT4 A22 1718"]
[Site "Slovakia"]
[Date "2018.01.14"]
[Round "7.5"]
[White "Hornak, Pavol"]
[Black "Kozinka, Jan"]
[Result "1-0"]
[WhiteElo "1781"]
[BlackElo "1727"]
[PlyCount "49"]
[EventDate "2017.10.01"]
[EventType "team-tourn"]
[EventRounds "11"]
[EventCountry "SVK"]
[SourceTitle "EXT 2020"]
[Source "ChessBase"]
[SourceDate "2019.10.17"]
[SourceVersion "1"]
[SourceVersionDate "2019.10.17"]
[SourceQuality "1"]

1. d4 Nf6 2. c4 g6 3. Nc3 Bg7 4. e4 d6 5. h3 0-0 6. Bg5 Nc6 7. Nf3 e5 8. dxe5 dxe5 9. Qxd8 Nxd8 10. Bxf6 Bxf6 11. Nd5 Bg7 12. Nxc7 Rb8 13. Be2 Nc6 14. 0-0 b6 15. Rfd1 Rb7 16. Nd5 Be6 17. Bd3 Nd4 18. Nxd4 exd4 19. f4 f5 20. e5 Rd7 21. Rac1 Rc8 22. Be2 Kf7 23. Bf3 Bf8 24. a3 h5 25. b4 1-0

[Event "SVK-chT4 A22 1617"]
[Site "Slovakia"]
[Date "2017.02.12"]
[Round "9.5"]
[White "Sarkozi, Szabolcs"]
[Black "Kozinka, Jan"]
[Result "0-1"]
[WhiteElo "1625"]
[BlackElo "1705"]
[PlyCount "120"]
[EventDate "2016.10.09"]
[EventType "team-tourn"]
[EventRounds "11"]
[EventCountry "SVK"]
[SourceTitle "EXT 2020"]
[Source "ChessBase"]
[SourceDate "2019.10.17"]
[SourceVersion "1"]
[SourceVersionDate "2019.10.17"]
[SourceQuality "1"]

1. e4 e6 2. d3 b6 3. f4 Bb7 4. Nf3 Be7 5. Nbd2 Nf6 6. Be2 Ng4 7. Nf1 d5 8. Ng3 dxe4 9. dxe4 Qxd1+ 10. Bxd1 Bc5 11. Rf1 0-0 12. Bd2 Rd8 13. b4 Be3 14. Be2 Bxd2+ 15. Nxd2 Ne3 16. Bd3 Nxf1 17. Ngxf1 Nc6 18. a3 e5 19. g3 exf4 20. gxf4 Ne7 21. 0-0-0 Ng6 22. f5 Nf4 23. Bc4 a6 24. Ng3 Nh3 25. Rf1 Rd7 26. Rf3 Rad8 27. Ngf1 Ng5 28. Rf4 h6 29. Rg4 b5 30. Bb3 Nxe4 31. Nxe4 Rd1+ 32. Kb2 Bxe4 33. Ne3 R1d4 34. f6 g5 35. Rg3 Bg6 36. Ng4 Kh7 37. Ne3 c6 38. Ng4 Re8 39. h3 h5 40. Nh2 Rf4 41. Nf3 g4 42. Nh4 gxh3 43. Nxg6 fxg6 44. f7 Rf8 45. Rxh3 R8xf7 46. Bxf7 Rxf7 47. Kc3 Rd7 48. Re3 Rd6 49. Re7+ Kh6 50. Ra7 Kg5 51. Rxa6 h4 52. Ra8 h3 53. a4 bxa4 54. Rxa4 Rd1 55. Ra5+ Kg4 56. Ra8 h2 57. Rh8 h1Q 58. Rxh1 Rxh1 59. Kc4 Rh5 60. Kb3 Kf3 0-1

[Event "SVK-chT3A2 1516"]
[Site "Slovakia"]
[Date "2015.11.29"]
[Round "4.3"]
[White "Kir, Kvetoslav"]
[Black "Kozinka, Jan"]
[Result "1-0"]
[WhiteElo "1856"]
[BlackElo "1706"]
[PlyCount "47"]
[EventDate "2015.10.11"]
[EventType "team-tourn"]
[EventRounds "11"]
[EventCountry "SVK"]
[SourceTitle "EXT 2020"]
[Source "ChessBase"]
[SourceDate "2019.10.17"]
[SourceVersion "1"]
[SourceVersionDate "2019.10.17"]
[SourceQuality "1"]
[WhiteTeam "Senica SK"]
[BlackTeam "Modranka Komplet"]
[WhiteTeamCountry "SVK"]
[BlackTeamCountry "SVK"]

1. d4 Nf6 2. c4 g6 3. Nc3 Bg7 4. e4 d6 5. f3 0-0 6. Be3 Nbd7 7. Nge2 c6 8. Qd2 a5 9. g4 e5 10. d5 Ne8 11. Ng3 a4 12. h4 f6 13. h5 g5 14. h6 Bh8 15. dxc6 bxc6 16. Nf5 Nb8 17. c5 Bxf5 18. gxf5 Qe7 19. Bc4+ Rf7 20. Bxf7+ Kxf7 21. cxd6 Qxd6 22. 0-0-0 Qb4 23. Qd3 a3 24. b3 1-0

[Event "SVK-chT3A2 1314"]
[Site "Slovakia"]
[Date "2013.12.15"]
[Round "5.1"]
[White "Kozinka, Jan"]
[Black "Peska, Juraj"]
[Result "0-1"]
[WhiteElo "1809"]
[BlackElo "1926"]
[PlyCount "62"]
[EventDate "2013.10.13"]
[EventType "team-tourn"]
[EventRounds "11"]
[EventCountry "SVK"]
[SourceTitle "EXT 2015"]
[Source "ChessBase"]
[SourceDate "2014.11.20"]
[SourceVersion "1"]
[SourceVersionDate "2014.11.20"]
[SourceQuality "1"]
[WhiteTeam "Trnava Modranka Jun"]
[BlackTeam "Hlohovec"]
[WhiteTeamCountry "SVK"]
[BlackTeamCountry "SVK"]

1. d4 e6 2. Nf3 Nf6 3. Nc3 d5 4. a3 Be7 5. Bf4 Bd7 6. e3 a6 7. Bd3 0-0 8. Qd2 c5 9. dxc5 Bxc5 10. 0-0 Nc6 11. b4 Be7 12. Rad1 Nh5 13. Ne2 Nxf4 14. exf4 b5 15. Ne5 Qc7 16. Nxd7 Qxd7 17. c3 Bf6 18. Qc2 h6 19. c4 bxc4 20. Bxc4 Qb7 21. Bd3 Rfc8 22. Qa2 Ne7 23. Qd2 Rc7 24. Rc1 Rac8 25. Rxc7 Rxc7 26. Rc1 Rxc1+ 27. Qxc1 g6 28. Qc2 Nc6 29. Qa4 Nb8 30. h3 Qb6 31. g4 Bh4 0-1

[Event "SVK-chT3A2 1213"]
[Site "Slovakia"]
[Date "2012.11.18"]
[Round "4.6"]
[White "Kozinka, Jan"]
[Black "Skapikova, Lubica"]
[Result "0-1"]
[WhiteElo "1854"]
[BlackElo "1907"]
[PlyCount "54"]
[EventDate "2012.10.07"]
[EventType "team-tourn"]
[EventRounds "11"]
[EventCountry "SVK"]
[SourceTitle "EXT 2015"]
[Source "ChessBase"]
[SourceDate "2014.11.20"]
[SourceVersion "1"]
[SourceVersionDate "2014.11.20"]
[SourceQuality "1"]
[WhiteTeam "Trnava Modranka"]
[BlackTeam "Senica SK"]
[WhiteTeamCountry "SVK"]
[BlackTeamCountry "SVK"]

1. d4 f5 2. c4 Nf6 3. Nc3 e6 4. Nf3 Be7 5. Qc2 0-0 6. e3 b6 7. Be2 Bb7 8. 0-0 d6 9. Rd1 Ne4 10. d5 Nxc3 11. bxc3 e5 12. e4 f4 13. Ne1 Bc8 14. h3 Nd7 15. Bg4 Nf6 16. Qe2 Qe8 17. Nc2 a5 18. Na3 Qg6 19. Bxc8 Raxc8 20. f3 Nh5 21. Bd2 Bh4 22. Be1 Bxe1 23. Rxe1 Rf6 24. Qf2 Qf7 25. Qh4 Rg6 26. Rab1 Rg3 27. Kh2 g5 0-1

[Event "SVK-chT2A 0910"]
[Site "Slovakia"]
[Date "2009.11.07"]
[Round "3.7"]
[White "Kozinka, Jan"]
[Black "Farkas, Vladimir"]
[Result "0-1"]
[WhiteElo "1818"]
[BlackElo "1959"]
[PlyCount "80"]
[EventDate "2009.10.10"]
[EventType "team-tourn"]
[EventRounds "11"]
[EventCountry "SVK"]
[SourceTitle "EXT 2011"]
[Source "ChessBase"]
[SourceDate "2010.11.26"]
[SourceVersion "1"]
[SourceVersionDate "2010.11.26"]
[SourceQuality "1"]
[WhiteTeam "Trnava Modranka"]
[BlackTeam "Bratislava Doprastav III"]
[WhiteTeamCountry "SVK"]
[BlackTeamCountry "SVK"]

1. d4 Nf6 2. c4 d6 3. Nc3 g6 4. e4 Bg7 5. f4 c5 6. d5 0-0 7. Be2 e6 8. Nf3 a6 9. 0-0 exd5 10. exd5 Bf5 11. Bd3 Bg4 12. h3 Bd7 13. Bd2 Nh5 14. Kh2 Bf6 15. g4 Ng7 16. Qc2 Qc8 17. Ne4 Be7 18. Rae1 Re8 19. Bc3 Qd8 20. Bxg7 Kxg7 21. Qc3+ Kg8 22. Kg3 f6 23. h4 Bxg4 24. Nxf6+ Bxf6 25. Rxe8+ Qxe8 26. Qxf6 Bxf3 27. Rxf3 Nd7 28. Qc3 Qf7 29. h5 gxh5 30. Kg2 Nf6 31. Bf5 Ng4 32. Bxg4 hxg4 33. Rf2 Re8 34. Kg3 Qf5 35. Qd2 Re4 36. b3 Rd4 37. Qc2 Rd3+ 38. Kg2 Qe4+ 39. Kf1 g3 40. Re2 Qh1# 0-1

[Event "SVK-chT3A2 0809"]
[Site "Slovakia"]
[Date "2009.01.25"]
[Round "6.8"]
[White "Kozinka, Jan"]
[Black "Kosar, Mikulas1111"]
[Result "1-0"]
[WhiteElo "1767"]
[BlackElo "1862"]
[PlyCount "55"]
[EventDate "2008.10.19"]
[EventType "team-tourn"]
[EventRounds "11"]
[EventCountry "SVK"]
[SourceTitle "EXT 2010"]
[Source "ChessBase"]
[SourceDate "2010.11.25"]
[SourceVersion "1"]
[SourceVersionDate "2010.11.25"]
[SourceQuality "1"]
[WhiteTeam "Trnava Modranka"]
[BlackTeam "Gabcikovo"]
[WhiteTeamCountry "SVK"]
[BlackTeamCountry "SVK"]

1. e4 e5 2. Nf3 Nf6 3. Nxe5 d6 4. Nf3 Nxe4 5. Qe2 Qe7 6. d3 Nf6 7. Be3 Nd5 8. Bd2 Nc6 9. a3 Be6 10. c4 Nf6 11. Bg5 Qd8 12. Nc3 Be7 13. d4 d5 14. Bxf6 gxf6 15. cxd5 Bxd5 16. Nxd5 Qxd5 17. Qb5 Qe4+ 18. Be2 0-0-0 19. 0-0 Rhg8 20. g3 Nxd4 21. Nxd4 Rxd4 22. Rae1 f5 23. Bd1 Qh4 24. Bf3 c6 25. Qxf5+ Kd8 26. Qxf7 Qg5 27. Rxe7 Qf4 28. Qxg8+ 1-0